000 00657nam a2200193 4500
005 20231130103929.0
010 _aENG-138488
020 _a9788178246710
_c395.00
035 _aEN-122020
037 _bDBAD/PUB
082 _a320.954
_2First
100 _aChatterjee, Partha
_959211
245 _aNational Thought an\d the Colonial World:
_bA Derivative Discourse?/
_cBy Partha Chatterjee
250 _aFirst
260 _aRanikhet
_bMade Easy Publications
_cNovember 2023
270 _aHimalayana, Mall Road, Ranikhet Cantt
_bRanikhet
_e263645
_mperblack@gmail.com
300 _a181p.
_c21cm(pbk)
942 _2ddc
_cEN
_h320.954
_mCHA
999 _c199293
_d199293